Betón a železobetón v architektúre

Gespeichert in:
Bibliographische Detailangaben
1. Verfasser: Jasievič, Vladimír (Verfasst von)
Format: Buch
Sprache:Slowakisch
Veröffentlicht: Bratislava : Alfa, 1987
Ausgabe:1. vyd.
Schlagworte:
Tags: Tag hinzufügen
Keine Tags, Fügen Sie das erste Tag hinzu!

MARC

LEADER 00000nam a22000003a 4500
001 stu11097
005 20150617225801.3
008 950217s1987----cs------------------slo-d
040 |a STU  |b slo 
041 0 |a slo 
044 |a cs 
100 1 |a Jasievič, Vladimír  |4 aut 
245 1 |a Betón a železobetón v architektúre 
250 |a 1. vyd. 
260 |a Bratislava :  |b Alfa,  |c 1987 
300 |a 226 s 
650 7 |a stavebné materiály  |2 stusub 
650 7 |a betón  |2 stusub 
650 7 |a železobetón  |2 stusub 
996 |b 284AU00834  |c A*1588 U  |l AAKNAR  |s A  |a 24  |w stu11097_0001